000 00319nam a2200133 i 4500
001 bg
100 1 _aMAJEROWSKA, Zofia
245 0 _aEektrotechnika ogólna w zadaniach /
_cZofia Majerowska.
260 _aWarszawa,
_c1979.
040 _cBPK
041 _apol
942 _cKS
008 s pl f |000 0 pol
999 _c1372
_d1372
856 _uhttp://koha.tu.koszalin.pl/cgi-bin/koha/opac-detail.pl?biblionumber=1372
_yKatalog online BPK